Geschichte Israels
Αποθηκεύτηκε σε:
| Κύριος συγγραφέας: | |
|---|---|
| Μορφή: | Βιβλίο |
| Γλώσσα: | German |
| Δημοσίευση: |
Gottingen :
Vandenhoeck & Ruprecht,
1963
|
| Θέματα: | |
| Ετικέτες: |
Προσθήκη ετικέτας
Δεν υπάρχουν, Καταχωρήστε ετικέτα πρώτοι!
|
MARC
| LEADER | 00000cam a2200000 i 4500 | ||
|---|---|---|---|
| 001 | 1/29397 | ||
| 008 | 060515s1963 ger d | ||
| 035 | |l 10083889 | ||
| 040 | |a GR-MY-UA |b gre |e aacr | ||
| 041 | 0 | |a ger | |
| 082 | 0 | |a 933 |2 (22) | |
| 100 | 1 | |a Noth, Martin, |d 1902-1968. | |
| 245 | 1 | 0 | |a Geschichte Israels / |c Martin Noth |
| 260 | |a Gottingen : |b Vandenhoeck & Ruprecht, |c 1963 | ||
| 300 | |a 435 σ.; |c 24 εκ.+ |e χαρτ. | ||
| 504 | |a Βιβλιογραφία: σ. [408]-410. Ευρετήριο | ||
| 650 | 0 | 0 | |a Jews |x History. |
| 852 | |a INST |b RHODES |c KRI |e 20060515 |h 933 NOT |p 005400020987 |q 005400020987 |t BK |y 0 | ||
| 901 | |a BIBL4-2006-2 | ||
| 909 | |a Ρ |b 123542 | ||
| 970 | |a ΚΟΖΑ |b ΜΑΡΙΑ |z 2006/05/15 | ||